Regional Evidence on Okun's Law in Czech Republic and Slovakia
Ukazovatele regionálnej disparity: nezamestnanosť, output, domáce a zahraničné investície a výdavky na vedu a výskum a infraštruktúru. Regionálna nelinearita v regionálnom Okunovom zákone.
Salvato in:
| Autore principale: | |
|---|---|
| Altri autori: | , , |
| Natura: | Capitolo di libro |
| Lingua: | inglese |
| Soggetti: | |
| Tags: |
Nessun Tag, puoi essere il primo ad aggiungerne!!
|
MARC
| LEADER | 00000naa a2200000 4500 | ||
|---|---|---|---|
| 001 | 0195705 | ||
| 005 | 20240502083456.8 | ||
| 041 | 0 | |a eng | |
| 044 | |a NL | ||
| 245 | 1 | 0 | |a Regional Evidence on Okun's Law in Czech Republic and Slovakia |c Richard Ďurech, Ľubica Slušná, Alexandru Minea, Lavinia Mustea |
| 520 | |a Ukazovatele regionálnej disparity: nezamestnanosť, output, domáce a zahraničné investície a výdavky na vedu a výskum a infraštruktúru. Regionálna nelinearita v regionálnom Okunovom zákone. | ||
| 610 | 2 | 0 | |a zákonitosti ekonomické |
| 610 | 2 | 0 | |a nezamestnanosť |
| 610 | 2 | 0 | |a meranie výkonnosti |
| 610 | 2 | 0 | |a disparita |
| 610 | 2 | 0 | |a investície nepriame zahraničné |
| 610 | 2 | 0 | |a investície priame zahraničné |
| 610 | 2 | 0 | |a výskum |
| 610 | 2 | 0 | |a veda |
| 610 | 2 | 0 | |a infraštruktúra |
| 610 | 2 | 0 | |a analýza komparatívna |
| 610 | 2 | 0 | |a krajiny rozvojové |
| 610 | 2 | 0 | |a východná Európa |
| 610 | 2 | 0 | |a stredná Európa |
| 100 | 1 | |a Ďurech, Richard | |
| 700 | 1 | |a Slušná, Ľubica | |
| 700 | 1 | |a Minea, Alexandru | |
| 700 | 1 | |a Mustea, Lavinia | |